[Event "Sao Paulo Pascoa op"]
[Site "Sao Paulo"]
[Date "2024.03.30"]
[Round "3"]
[White "Ishikawa, Emilio Keiji"]
[Black "Peres, Luiz Henrique Silva"]
[Result "1-0"]
[WhiteElo "1830"]
[BlackElo "1800"]
[PlyCount "73"]
[EventDate "2024.03.29"]
[EventType "swiss"]
[EventRounds "6"]
[EventCountry "BRA"]
[SourceTitle "CB14_2024"]
[SourceDate "2024.04.01"]
[SourceVersion "1"]
[SourceVersionDate "2024.04.01"]
[SourceQuality "1"]

1. e4 e5 2. Nf3 Nc6 3. Bb5 a6 4. Ba4 Nf6 5. d3 b5 6. Bb3 d6 7. c3 Be7 8. h3 Be6 9. Bc2 h6 10. Nbd2 0-0 11. 0-0 Re8 12. Re1 Bf8 13. Nf1 b4 14. Ng3 bxc3 15. bxc3 d5 16. Ba4 Bd7 17. exd5 Nxd5 18. Bxc6 Bxc6 19. Nxe5 Qf6 20. d4 Bb5 21. a4 Bc6 22. Bd2 Red8 23. Qg4 Bb7 24. Nh5 Qd6 25. Qf3 f6 26. Ng6 Rab8 27. Rab1 Bc6 28. Rxb8 Rxb8 29. Qd1 Nb6 30. a5 Nc4 31. Bf4 Qd8 32. Qe2 Bd5 33. Ne7+ Kh8 34. Nxd5 Qxd5 35. Bxc7 Rc8 36. Nf4 Qb5 37. Ng6+ 1-0

[Event "Sao Paulo STD U2200 op 5th"]
[Site "Sao Paulo"]
[Date "2019.08.30"]
[Round "2"]
[White "Ishikawa, Emilio Keiji"]
[Black "Haman, Muhammad"]
[Result "0-1"]
[WhiteElo "1689"]
[BlackElo "1884"]
[PlyCount "56"]
[EventDate "2019.08.30"]
[EventType "swiss"]
[EventRounds "6"]
[EventCountry "BRA"]
[SourceTitle "CBM 195 Extra"]
[Source "ChessBase"]
[SourceDate "2020.05.31"]
[SourceVersion "1"]
[SourceVersionDate "2020.05.31"]
[SourceQuality "1"]

1. e4 e5 2. Nf3 Nc6 3. Bb5 a6 4. Ba4 Nf6 5. 0-0 Be7 6. d3 d6 7. h3 0-0 8. c3 Bd7 9. Re1 Nh5 10. g4 Nf4 11. Bxf4 exf4 12. d4 h5 13. Nh2 Bh4 14. Bc2 hxg4 15. Nxg4 Qg5 16. Qf3 g6 17. Kh2 Kg7 18. Rg1 Rh8 19. Nd2 Bg3+ 20. Kg2 Rxh3 21. fxg3 Rxg3+ 22. Kf2 Rxf3+ 23. Nxf3 Qb5 24. b3 Qa5 25. Rae1 Qxc3 26. Re2 Nxd4 27. Nxd4 Qxd4+ 28. Kf1 Bb5 0-1

[Event "Sao Paulo STD U2200 op 4th"]
[Site "Sao Paulo"]
[Date "2018.12.08"]
[Round "3"]
[White "Ishikawa, Emilio Keiji"]
[Black "Ferreira, Bernardo Nogueira F"]
[Result "1-0"]
[WhiteElo "1718"]
[BlackElo "1790"]
[PlyCount "83"]
[EventDate "2018.12.07"]
[EventType "swiss"]
[EventRounds "6"]
[EventCountry "BRA"]
[SourceTitle "EXT 2021"]
[Source "ChessBase"]
[SourceDate "2020.10.23"]
[SourceVersion "1"]
[SourceVersionDate "2020.10.23"]
[SourceQuality "1"]

1. d4 d5 2. c4 dxc4 3. Nc3 Nf6 4. e4 e5 5. d5 b5 6. Bg5 Bc5 7. Be3 Bxe3 8. fxe3 0-0 9. a3 Nbd7 10. Nf3 a6 11. Be2 Qe7 12. 0-0 Nc5 13. Qc2 Bb7 14. Nh4 Rad8 15. Nf5 Qd7 16. Rad1 g6 17. Nh6+ Kg7 18. h3 Qe7 19. Ng4 Nxg4 20. Bxg4 Qg5 21. Qf2 Nd3 22. Qe2 c6 23. Bf3 Qg3 24. Bg4 cxd5 25. Rf3 Qh4 26. g3 Qg5 27. h4 Qe7 28. Nxd5 Bxd5 29. exd5 Rxd5 30. e4 Rd6 31. Rdf1 Qa7+ 32. Kh1 Qd4 33. h5 Qxb2 34. Qe3 Qd4 35. h6+ Kg8 36. Qg5 Qb6 37. Qe7 Qd8 38. Qa7 Qg5 39. Rxf7 Qxh6+ 40. Kg2 Rxf7 41. Qxf7+ Kh8 42. Qe8+ 1-0

[Event "Sao Paulo STD U2200 op 2nd"]
[Site "Sao Paulo"]
[Date "2018.09.08"]
[Round "1"]
[White "Haraguchi, Diego Sashaki"]
[Black "Ishikawa, Emilio Keiji"]
[Result "0-1"]
[WhiteElo "1360"]
[BlackElo "1729"]
[PlyCount "102"]
[EventDate "2018.09.08"]
[EventType "swiss"]
[EventRounds "6"]
[EventCountry "BRA"]
[SourceTitle "EXT 2021"]
[Source "ChessBase"]
[SourceDate "2020.10.23"]
[SourceVersion "1"]
[SourceVersionDate "2020.10.23"]
[SourceQuality "1"]

1. d4 g6 2. c4 Bg7 3. Nc3 c6 4. Bf4 d6 5. e3 Nf6 6. Bd3 h6 7. h3 Nbd7 8. Nf3 a6 9. Qc2 c5 10. d5 Nh5 11. Bh2 g5 12. Be2 Nhf6 13. e4 Ng8 14. Nd2 Ne5 15. f3 Nf6 16. 0-0-0 Bd7 17. Nf1 Rb8 18. a4 Qa5 19. Bxe5 dxe5 20. d6 e6 21. Nd2 Nh5 22. Rhe1 Nf4 23. Bf1 Qb4 24. b3 Qb6 25. Ndb1 Rc8 26. Rd2 Rc6 27. Red1 Qd8 28. Ne2 Ng6 29. Qb2 h5 30. Ng3 Nf4 31. Nc3 h4 32. Nh1 0-0 33. Ne2 f5 34. g3 Ng6 35. Bg2 Rb6 36. Nc3 Rf7 37. Qa3 Rc6 38. exf5 exf5 39. f4 e4 40. Nxe4 fxe4 41. Bxe4 Qf6 42. Bxc6 Qc3+ 43. Rc2 Qe3+ 44. Rdd2 Bxc6 45. Nf2 Bc3 46. Nd1 Bxd2+ 47. Rxd2 Qg1 48. f5 Ne5 49. g4 b6 50. Qb2 Qg3 51. Re2 Nd3+ 0-1

[Event "Sao Paulo STD U2200 op 2nd"]
[Site "Sao Paulo"]
[Date "2018.09.08"]
[Round "2"]
[White "Ishikawa, Emilio Keiji"]
[Black "Do Valle Cardoso, Lucas"]
[Result "0-1"]
[WhiteElo "1729"]
[BlackElo "2076"]
[PlyCount "56"]
[EventDate "2018.09.08"]
[EventType "swiss"]
[EventRounds "6"]
[EventCountry "BRA"]
[SourceTitle "EXT 2021"]
[Source "ChessBase"]
[SourceDate "2020.10.23"]
[SourceVersion "1"]
[SourceVersionDate "2020.10.23"]
[SourceQuality "1"]

1. e4 e5 2. Nf3 Nc6 3. Bc4 Nf6 4. 0-0 Nxe4 5. Bd5 Nf6 6. Bxc6 dxc6 7. Nxe5 Bd6 8. d4 0-0 9. Bg5 h6 10. Bh4 c5 11. c3 cxd4 12. cxd4 Re8 13. Nc3 Be7 14. f4 Be6 15. Bxf6 Bxf6 16. d5 Bf5 17. Re1 Qd6 18. Qb3 a6 19. g4 Bxe5 20. fxe5 Qc5+ 21. Kg2 Bxg4 22. Ne4 Qd4 23. h3 Rxe5 24. Qc3 Rxe4 25. Qxd4 Bxh3+ 26. Kxh3 Rxd4 27. Rad1 Rxd1 28. Rxd1 Rd8 0-1

[Event "Sao Paulo Carnaval op"]
[Site "Sao Paulo"]
[Date "2018.02.13"]
[Round "7"]
[White "Lima, Vinicius Taishun"]
[Black "Ishikawa, Emilio Keiji"]
[Result "1-0"]
[WhiteElo "1490"]
[BlackElo "1755"]
[PlyCount "75"]
[EventDate "2018.02.10"]
[EventType "swiss"]
[EventRounds "7"]
[EventCountry "BRA"]
[SourceTitle "CBM 183 Extra"]
[Source "ChessBase"]
[SourceDate "2018.04.19"]
[SourceVersion "1"]
[SourceVersionDate "2018.04.19"]
[SourceQuality "1"]

1. e4 b6 2. d4 Bb7 3. Nc3 g6 4. Nf3 Bg7 5. Bc4 e6 6. 0-0 d6 7. Bf4 Ne7 8. Qd2 a6 9. Rfe1 h6 10. Rad1 Nd7 11. a3 b5 12. Bb3 Nb6 13. Qe2 Qd7 14. e5 d5 15. h3 0-0 16. Qd2 Kh7 17. Nh2 g5 18. Be3 Nf5 19. Ng4 Nc4 20. Bxc4 bxc4 21. Ne2 Nxe3 22. Qxe3 h5 23. Nf6+ Bxf6 24. exf6 Rg8 25. Qf3 g4 26. hxg4 Rxg4 27. Nf4 Rag8 28. Re5 R8g5 29. Rxg5 Rxg5 30. Nxh5 e5 31. dxe5 c5 32. Qf4 Rxh5 33. Qg3 Rh1+ 34. Kxh1 Kh6 35. Qg7+ Kh5 36. Qh7+ Kg5 37. Rf1 Qg4 38. f4+ 1-0

[Event "Sao Paulo Carnaval op"]
[Site "Sao Paulo"]
[Date "2018.02.11"]
[Round "4"]
[White "Ishikawa, Emilio Keiji"]
[Black "Lima, Aine Carolina"]
[Result "1-0"]
[WhiteElo "1755"]
[BlackElo "1518"]
[PlyCount "111"]
[EventDate "2018.02.10"]
[EventType "swiss"]
[EventRounds "7"]
[EventCountry "BRA"]
[SourceTitle "CBM 183 Extra"]
[Source "ChessBase"]
[SourceDate "2018.04.19"]
[SourceVersion "1"]
[SourceVersionDate "2018.04.19"]
[SourceQuality "1"]

1. d4 d5 2. c4 c6 3. e3 e6 4. Nc3 f5 5. Bd3 Bd6 6. Nge2 Nf6 7. Qc2 0-0 8. f4 Ne4 9. Bxe4 fxe4 10. c5 Bc7 11. Bd2 Bd7 12. 0-0-0 b5 13. g4 a5 14. h4 Na6 15. a3 b4 16. Na4 Rb8 17. Rdg1 Qc8 18. Ng3 Qb7 19. axb4 Nxb4 20. Bxb4 Qxb4 21. g5 Qb3 22. Qxb3 Rxb3 23. Nf1 Rfb8 24. Kc2 R3b4 25. b3 Rxb3 26. Nb6 Bxb6 27. Kxb3 Bxc5+ 28. Kc2 Bd6 29. Nd2 c5 30. Rb1 Ba4+ 31. Kc3 cxd4+ 32. Kxd4 Rb4+ 33. Rxb4 Bxb4 34. Nb1 Bc2 35. h5 Kf7 36. Rc1 Bd3 37. Rc7+ Kf8 38. Nc3 Bd6 39. Ra7 Bb4 40. h6 gxh6 41. gxh6 Kg8 42. Na4 Bb5 43. Nc5 a4 44. Nxa4 Bxa4 45. Rxa4 Be1 46. Ke5 Kf7 47. f5 exf5 48. Kxf5 Bd2 49. Ra7+ Ke8 50. Ke6 Kd8 51. Rxh7 Bxe3 52. Rd7+ Kc8 53. h7 Bd4 54. Rxd5 Bg7 55. Rd1 e3 56. Re1 1-0

[Event "Sao Paulo SP ECP op 3rd"]
[Site "Sao Paulo"]
[Date "2017.11.19"]
[Round "5.7"]
[White "Ishikawa, Emilio Keiji"]
[Black "Ferreira, Caio Tulio Moreira"]
[Result "1-0"]
[WhiteElo "1754"]
[BlackElo "1538"]
[PlyCount "129"]
[EventDate "2017.11.17"]
[EventType "swiss"]
[EventRounds "6"]
[EventCountry "BRA"]
[SourceTitle "EXT 2022"]
[Source "ChessBase"]
[SourceDate "2021.10.06"]
[SourceVersion "1"]
[SourceVersionDate "2021.10.06"]
[SourceQuality "1"]

1. d4 Nf6 2. c4 c5 3. d5 b5 4. cxb5 a6 5. bxa6 g6 6. Nc3 Bxa6 7. Nf3 Bg7 8. g3 0-0 9. Bg2 d6 10. 0-0 Nbd7 11. h3 Qc7 12. Re1 Rfb8 13. e4 Nb6 14. e5 Nfd7 15. e6 Nf6 16. exf7+ Kxf7 17. Ng5+ Kg8 18. Ne6 Qb7 19. Nxg7 Kxg7 20. Qd2 Bc4 21. b3 Bxb3 22. Bb2 Bc4 23. Rab1 Kf7 24. Qe3 Qd7 25. Ne4 Nbxd5 26. Qh6 e5 27. Nxf6 Kxf6 28. Qh4+ Kg7 29. Qxc4 Nb6 30. Qd3 Rxa2 31. Qd2 Kf7 32. Bd5+ Nxd5 33. Qxd5+ Qe6 34. Qd2 Qb3 35. Qxd6 Rxb2 36. Qc7+ Kg8 37. Rxb2 Qxb2 38. Qxc5 Re8 39. Qd5+ Kf8 40. Qd6+ Kf7 41. Qc7+ Re7 42. Qc4+ Kg7 43. Qc5 Kf7 44. Qc4+ Kg7 45. Rd1 Rf7 46. Qc5 Qe2 47. Rc1 Qe4 48. Rc2 Qf5 49. Rb2 h5 50. h4 Qe6 51. Re2 Rf5 52. Kg2 Kf6 53. Qc3 Qd5+ 54. f3 g5 55. hxg5+ Rxg5 56. Rd2 Qe6 57. f4 Rf5 58. Qc7 Qf7 59. Rd6+ Kg7 60. Rd7 exf4 61. Qc3+ Kg6 62. Rxf7 Rxf7 63. Qd3+ Kg5 64. Qd8+ Kg4 65. Qg8+ 1-0

[Event "Sao Paulo SP ECP op 3rd"]
[Site "Sao Paulo"]
[Date "2017.11.18"]
[Round "4.3"]
[White "Desideri, Ricardo Maruchi"]
[Black "Ishikawa, Emilio Keiji"]
[Result "1-0"]
[WhiteElo "1949"]
[BlackElo "1754"]
[PlyCount "87"]
[EventDate "2017.11.17"]
[EventType "swiss"]
[EventRounds "6"]
[EventCountry "BRA"]
[SourceTitle "EXT 2022"]
[Source "ChessBase"]
[SourceDate "2021.10.06"]
[SourceVersion "1"]
[SourceVersionDate "2021.10.06"]
[SourceQuality "1"]

1. e4 g6 2. d4 Bg7 3. Nc3 d6 4. Be3 c6 5. Qd2 h6 6. 0-0-0 Qa5 7. Kb1 Bd7 8. f4 b5 9. e5 b4 10. Ne4 Be6 11. a3 Bd5 12. Bd3 Bxe4 13. Bxe4 d5 14. Bd3 e6 15. axb4 Qb6 16. Ne2 Ne7 17. g4 a5 18. bxa5 Rxa5 19. Nc1 Nd7 20. Nb3 Ra7 21. Rhf1 0-0 22. f5 exf5 23. gxf5 Nxf5 24. Rxf5 Rb8 25. Rf3 Nf8 26. Bxh6 Ne6 27. Bxg7 Kxg7 28. Rh3 Kf8 29. Rh8+ Ke7 30. Rxb8 Qxb8 31. Qf2 Qh8 32. Rf1 Qg7 33. Nc5 Nxc5 34. dxc5 Rb7 35. Qf6+ Qxf6 36. Rxf6 Rc7 37. Kc1 Rc8 38. Bf1 Rh8 39. Rxc6 Rxh2 40. Rf6 g5 41. c6 Rh8 42. Bg2 Re8 43. Bh3 Rh8 44. c7 1-0

[Event "Sao Paulo SP ECP op 3rd"]
[Site "Sao Paulo"]
[Date "2017.11.17"]
[Round "2.10"]
[White "Ishikawa, Emilio Keiji"]
[Black "Rocha, Anderson Rosendo"]
[Result "1-0"]
[WhiteElo "1754"]
[BlackElo "1489"]
[PlyCount "67"]
[EventDate "2017.11.17"]
[EventType "swiss"]
[EventRounds "6"]
[EventCountry "BRA"]
[SourceTitle "EXT 2022"]
[Source "ChessBase"]
[SourceDate "2021.10.06"]
[SourceVersion "1"]
[SourceVersionDate "2021.10.06"]
[SourceQuality "1"]

1. d4 Nf6 2. c4 c5 3. d5 e5 4. Nc3 d6 5. e4 Be7 6. h3 0-0 7. Bd3 Ne8 8. Qc2 g6 9. Nf3 Ng7 10. Bh6 f5 11. 0-0-0 a6 12. a3 Bd7 13. g3 Qa5 14. Nd2 b5 15. Nb3 Qb6 16. f4 b4 17. axb4 cxb4 18. c5 dxc5 19. d6 Bxd6 20. Bc4+ Be6 21. Bxe6+ Nxe6 22. Nd5 Qc6 23. fxe5 c4 24. exd6 cxb3 25. Ne7+ Kf7 26. Qxc6 Nxc6 27. Bxf8 Rxf8 28. exf5 gxf5 29. Nxf5 a5 30. Rhf1 Ke8 31. d7+ Kd8 32. Rfe1 Nc7 33. Ng7 Ne5 34. Rf1 1-0

[Event "Sao Paulo Karman Cup 9th"]
[Site "Sao Paulo"]
[Date "2016.08.06"]
[Round "4"]
[White "Ishikawa, Emilio Keiji"]
[Black "Batista, Renato Luiz"]
[Result "0-1"]
[WhiteElo "1734"]
[BlackElo "2164"]
[PlyCount "98"]
[EventDate "2016.08.05"]
[EventType "swiss"]
[EventRounds "6"]
[EventCountry "BRA"]
[SourceTitle "CBM 174 Extra"]
[Source "ChessBase"]
[SourceDate "2016.10.10"]
[SourceVersion "1"]
[SourceVersionDate "2016.10.10"]
[SourceQuality "1"]

1. d4 Nf6 2. c4 g6 3. Nc3 Bg7 4. Nf3 d6 5. g3 0-0 6. Bg2 Nbd7 7. 0-0 e5 8. d5 h6 9. e4 Nc5 10. Re1 a5 11. h3 Ne8 12. Be3 Qe7 13. Nh4 Kh7 14. Qc2 f5 15. exf5 gxf5 16. Bxc5 dxc5 17. f4 e4 18. Nxe4 Bd4+ 19. Kh2 Qg7 20. Nf2 Nd6 21. Rab1 Rg8 22. Nh1 Bf6 23. Nf3 Ne4 24. g4 Kh8 25. Rxe4 fxe4 26. Qxe4 Bd7 27. Ng3 Rae8 28. Qc2 Bxg4 29. hxg4 Qxg4 30. Qf2 Bh4 31. Ng5 hxg5 32. Bh3 Bxg3+ 33. Qxg3 Re2+ 34. Bg2 Qxg3+ 35. Kxg3 gxf4+ 36. Kxf4 Rgxg2 37. Kf5 Kg7 38. a3 Rxb2 39. Rh1 Rh2 40. Rg1+ Rbg2 41. Rb1 Rb2 42. Rg1+ Rhg2 43. Rh1 Rb6 44. Re1 Rf6+ 45. Ke4 Rg4+ 46. Ke5 Rxc4 47. Rg1+ Rg6 48. Rb1 b6 49. Rf1 Rc3 0-1

[Event "Sao Paulo Karman Cup 9th"]
[Site "Sao Paulo"]
[Date "2016.08.06"]
[Round "3"]
[White "Ishikawa, Emilio Keiji"]
[Black "Brujin, Homero"]
[Result "1-0"]
[WhiteElo "1734"]
[BlackElo "1397"]
[PlyCount "63"]
[EventDate "2016.08.05"]
[EventType "swiss"]
[EventRounds "6"]
[EventCountry "BRA"]
[SourceTitle "CBM 174 Extra"]
[Source "ChessBase"]
[SourceDate "2016.10.10"]
[SourceVersion "1"]
[SourceVersionDate "2016.10.10"]
[SourceQuality "1"]

1. d4 Nf6 2. c4 c5 3. d5 b5 4. cxb5 a6 5. bxa6 Bxa6 6. Nc3 g6 7. Nf3 Bg7 8. g3 d6 9. Bg2 0-0 10. 0-0 Nbd7 11. h3 Nb6 12. Re1 Rb8 13. e4 Nfd7 14. Qc2 Ne5 15. Nxe5 Bxe5 16. f4 Bg7 17. e5 dxe5 18. b3 Qc7 19. Be3 Bc8 20. Rad1 Bh6 21. fxe5 Bxe3+ 22. Rxe3 Bf5 23. Qf2 Nd7 24. d6 exd6 25. exd6 Qa5 26. Nd5 Kg7 27. Qb2+ Kh6 28. g4 Be6 29. Nf6 c4 30. Nxd7 Bxd7 31. Rd5 Rb5 32. g5+ 1-0

[Event "Sao Paulo Segal Memorial 1st"]
[Site "Sao Paulo"]
[Date "2016.05.22"]
[Round "5"]
[White "Ishikawa, Emilio Keiji"]
[Black "Vargas, Goncalo Cintra"]
[Result "1/2-1/2"]
[WhiteElo "1673"]
[BlackElo "2092"]
[PlyCount "90"]
[EventDate "2016.05.20"]
[EventType "swiss"]
[EventRounds "6"]
[EventCountry "BRA"]
[SourceTitle "CBM 172 Extra"]
[Source "ChessBase"]
[SourceDate "2016.06.21"]
[SourceVersion "1"]
[SourceVersionDate "2016.06.21"]
[SourceQuality "1"]

1. d4 g6 2. Nf3 Bg7 3. g3 d6 4. Bg2 Nc6 5. 0-0 Bg4 6. c3 e5 7. Qa4 Bd7 8. Qb3 Rb8 9. Ng5 Nh6 10. Bd5 0-0 11. f4 exd4 12. e4 dxe3 13. Bxe3 Na5 14. Qd1 c6 15. Bf3 d5 16. Bxa7 Ra8 17. Bc5 Re8 18. Na3 f6 19. b4 Nc4 20. Nxc4 dxc4 21. Ne4 Bh3 22. Re1 Nf7 23. g4 f5 24. Nf2 fxg4 25. Nxg4 Bxg4 26. Bxg4 Bxc3 27. Rxe8+ Qxe8 28. Rc1 Rd8 29. Qe2 Qxe2 30. Bxe2 Bd4+ 31. Bxd4 Rxd4 32. Rxc4 Rd2 33. Re4 Nd6 34. Re3 Rxa2 35. Kf1 Kf7 36. Rd3 Ke7 37. Re3+ Kd7 38. Rh3 h5 39. Rg3 Rb2 40. b5 Nxb5 41. Rxg6 Nd4 42. Bxh5 Rxh2 43. Bg4+ Kc7 44. f5 Nxf5 45. Bxf5 b5 1/2-1/2

[Event "Sao Paulo Segal Memorial 1st"]
[Site "Sao Paulo"]
[Date "2016.05.21"]
[Round "4"]
[White "Lima, Vinicius Taishun"]
[Black "Ishikawa, Emilio Keiji"]
[Result "0-1"]
[WhiteElo "1666"]
[BlackElo "1673"]
[PlyCount "62"]
[EventDate "2016.05.20"]
[EventType "swiss"]
[EventRounds "6"]
[EventCountry "BRA"]
[SourceTitle "CBM 172 Extra"]
[Source "ChessBase"]
[SourceDate "2016.06.21"]
[SourceVersion "1"]
[SourceVersionDate "2016.06.21"]
[SourceQuality "1"]

1. e4 g6 2. d4 Bg7 3. Nf3 d6 4. Nc3 e6 5. Bg5 Ne7 6. e5 h6 7. Bf4 d5 8. Bd3 g5 9. Bg3 a6 10. 0-0 Nf5 11. Qd2 Nc6 12. Bxf5 exf5 13. h3 Be6 14. h4 g4 15. Nh2 h5 16. Ne2 Qd7 17. Qg5 Bf8 18. Nf4 Be7 19. Qg7 0-0-0 20. Ng6 fxg6 21. Nxg4 hxg4 22. Qxg6 Rdg8 23. Qxg8+ Rxg8 24. h5 Nxd4 25. h6 Ne2+ 26. Kh1 Rh8 27. Bh2 Rxh6 28. Rfe1 g3 29. fxg3 Nxg3+ 30. Kg1 Bc5+ 31. Re3 Bxe3# 0-1